000 00589nam a2200193 a 4500
003 DO-SdBNP
005 20221031153406.0
007 ta
008 221031e1988 dr a|||br|||| 001 0 spa d
040 _aDO-SdBNP
_bspa
_cBNPHU
082 4 _222
_bR696ps
100 1 _936592
_aRodríguez. Héctor Manuel
245 _aPsocología:
_bcuarto curso de educación media /
_cHector Manuel Rodríguez
260 _aSanto Domingo :
_bSusaeta,
_c1988
300 _a111 p. :
_bil. ;
_c24 cm.
650 4 _aPsicología
_xEnseñanza
_zRepública Dominicana
_982619
910 _aMFeliz
942 _2ddc
_cLBS1
999 _c52687
_d52687